000 00497nam a2200145 a 4500
001 000033581
005 20200930070349.0
008 110901s1951 dr 000 0 spa d
040 _aDO-SdBNP
_bspa
_cBNPHU
100 1 _aAcosta Corcino, J. F.
_944325
245 1 0 _aVirtud, genio y virtud / :
_bprincipios básicos para el equilibrio del hombre /
_cJ. F. Acosta Corcino.
260 _aCiudad Trujillo, República Dominicana :
_bImp. Pol Hermanos,
_c1951.
300 _a95 p. ;
_c23 cm.
049 _aBNPD
999 _c33072
_d33072